| 000 | 00401cam a22001457a 4500 | ||
|---|---|---|---|
| 008 | 180718b1958 xxu||||| |||| 00| 0 eng d | ||
| 082 | _aB11x54 G654 | ||
| 100 | _aGordon, D.H. | ||
| 245 |
_aPre-historic background of Indian culture _cby D.H. Gordon |
||
| 260 |
_aBombay _bBhulebhal Memorial Inst. _c1958 |
||
| 300 | _a199p. | ||
| 440 | _abibl. | ||
| 500 | _aRs.20.00 | ||
| 650 | _aCivilization - India | ||
| 999 |
_c367173 _d367173 |
||